000 00211nam a22000857a 4500
008 161213b xxu||||| |||| 00| 0 eng d
100 _92040
_aDahl.R.
245 _aBoy Tales of childhood
260 _aUSA
_bJonathan
_c1984
999 _c4915
_d4915